El Llenguatge : problemes i aspectes d'avui / Albert Jané problemes i aspectes d'avui / Albert Jané
Descripción Física:
4 v. ; 19 cm
Colección:
El Punt ; 3, 4, 5 i 7
Materias:
Català
MARC
| LEADER | 00000nam a2200000Ia 4500 | ||
|---|---|---|---|
| 001 | 9779, 9780, 9781, 9782 | ||
| 008 | 160829s1977 - 1980 xx 000 0 cat d | ||
| 080 | |a L-1-104, L-1-105, L-1-106, L-1-107 | ||
| 100 | |a Jané, Albert |9 30103 | ||
| 245 | |a El Llenguatge : |b problemes i aspectes d'avui / Albert Jané | ||
| 260 | |a Barcelona : |b Edhasa, |c 1977 - 1980 | ||
| 300 | |a 4 v. ; |c 19 cm | ||
| 490 | |a El Punt ; 3, 4, 5 i 7 | ||
| 650 | |a Català |9 17862 | ||
| 901 | |a Arxiu | ||
| 942 | |n 1 | ||
| 952 | |0 0 |1 0 |4 0 |6 L1104_L1105_L1106_L1107 |7 1 |9 45266 |a Arxiu |b Arxiu |d 2016-12-01 |l 0 |o L-1-104, L-1-105, L-1-106, L-1-107 |p 9779, 9780, 9781, 97 |r 2016-12-01 00:00:00 |w 2016-12-01 |y ARXIU | ||
| 999 | |c 48340 |d 48340 | ||